الجمع الصوتي الأول للقرآن : (رقم التسجيلة. 5717)

تفاصيل مارك
000 -الفاتح
عناصر البيانات ثابتة الطول 00744cam a2200181 i 4500
005 - تاريخ ووقت آخر معاملة
حقل ضبط 20251123101251.0
008 - عناصر البيانات ثابتة الطول
عناصر البيانات ثابتة الطول 250721s1978 ua gr 000 0 ara d
020 ## - الترقيم الدولي المعياري للكتب (ردمك)
الترقيم الدولي المعياري للكتب (ردمك) 9772471823
082 14 - رقم تصنيف ديوي العشري
رقم التصنيف 211.3
رقم المادة ل ب ي
100 1# - مدخل رئيسي – اسم شخصي
الاسم الشخصي سعيد، لبيب
علاقة الشخص بالعمل/ دوره مؤلف.
245 12 - بيان العنوان
العنوان الجمع الصوتي الأول للقرآن :
بقية العنوان المصحف المرتل عرض ودراسة لبواعث المشروع ومخططاتة /
بيان المسؤولية بقلم صاحب الفكرة والمخطط لها الدكتور لبي السعيد.
264 31 - بيانات النشر، التوزيع…إلخ
مكان النشر، التوزيع...إلخ القاهرة :
اسم الناشر، الموزع...إلخ دار المعارف،
تاريخ النشر، التوزيع...إلخ 1978.
300 ## - الوصف المادي
عدد الوحدات المكونة للوعاء 417 صفحة.
650 17 - مدخل إضافي بالموضوع - مصطلح موضوعي
مصطلح موضوعي أو اسم جغرافي كعنصر مدخل القرآن الكريم.
650 17 - مدخل إضافي بالموضوع - مصطلح موضوعي
مصطلح موضوعي أو اسم جغرافي كعنصر مدخل قراءات القرآن السبع.
942 ## - بيانات إضافية (كوها)
نوع التنصيف Dewey Decimal Classification
نوع المادة (كوها) كتب
المقتنيات
حالة السحب حالة الفقدان مصدر التصنيف حالة التلف غير قابل للإعارة المكتبة الرئيسية المكتبة الحالية موقع الرف تاريخ التزويد الرقم المتسلسل Total Checkouts رقم الإستدعاء الباركود تاريخ آخر ظهور تاريخ الفاتورة نوع المادة (كوها)
    Dewey Decimal Classification     المكتبة المركزية المكتبة المركزية الإعارة 06/07/2004 184019   211.3 / ل ب ي 184019 28/07/2025 06/07/2004 كتب
Implemented & Customized by: BBB with SCIT (Smart Chains for Information Technology)

Powered by Koha